000 00989nam a2200253Ia 4500
003 OSt
005 20220923223408.0
006 a|||||r|||| 00| 0
007 ta
008 220922b |||||||| |||| 00| 0 hin d
024 _a214,721
037 _cTextual
040 _aARTS
_cARTS
_bhin
041 _2hin
_ahin
082 _aO152,3:g(S), N2
100 _aदिवाकर, महेश चन्द्र
245 0 _aबीसवीं शती की हिन्दी कहानी का समाज-मनोवैज्ञानिक अध्ययन
246 _aBīsavīan shatī kī hindī kahānī kā samāja-hinovaijnyānik adhyayana
260 _aदिल्ली
_b लोकवाणी संस्थान
_c1992
300 _a327 पृ.
_ccm.
650 _aहिन्दी साहित्य
_9156264
942 _hO152,3:g(S), N2
_cTEXL
_2CC
999 _c364652
_d364652